Top 10 Richest and Poorest European Countries - Statistics

General Stats
  • This quiz has been taken 558 times
  • The average score is 18 of 20
Answer Stats
GDP Country % Correct
$140.700 Luxembourg
96%
$203.000 Monaco
95%
$77.810 Norway
95%
$180.680 Liechtenstein
92%
$84.660 Switzerland
92%
$17.380 Albania
89%
$23.900 Serbia
89%
$13.970 Ukraine
89%
$17.470 Bosnia and Herzegovina
88%
$69.280 Denmark
88%
$16.720 Moldova
88%
$14.320 Kosovo
87%
$70.140 San Marino
87%
$21.680 Belarus
86%
$28.590 Bulgaria
86%
$124.610 Ireland
86%
$68.580 Netherlands
86%
$24.890 Montenegro
84%
$19.730 North Macedonia
84%
$64.750 Austria
83%
No matching quizzes found
Score Distribution
Percent of People with Each Score
Percentile by Number Answered
Your Score History
You have not taken this quiz